000 01112naa a2200277 c 4500
001 47313
003 ES-MaCES
005 20160404104452.0
008 160404s2015 sp ||||| t||||||| ||spa d
040 _aES-MaCES
_bspa
_cES-MaCES
_dES-MaCES
100 1 _936637
_aStrambi, Giuliana
245 1 3 _aLa seguridad alimentaria en el comercio interno y externo de la Unión Europea entre las obligaciones generales y las situaciones de emergencia
_cGiuliana Strambi
500 _aResumen
650 4 _927663
_aindustria de la alimentación
650 4 _928667
_aseguridad alimentaria
650 4 _928671
_aconsumo alimentario
650 4 _929918
_amecanismo de control
650 4 _928664
_apolítica alimentaria
650 4 _930776
_apolítica comunitaria
650 4 _929874
_aReglamento de la CE
650 4 _926752
_aUE
653 1 0 _aConsumo
773 0 _984162
_dMadrid (Ayala, 20, 28001) EDIASA
_o087064
_tRevista de derecho agrario y alimentario
_w(ES-MaCES)25431
_gaño 31, n. 67 (jul.-dic. 2015) {10422 R. 087064} ;p. 175-186
902 _aART Artículo de revista
942 _2CES
_cAR
_h3.2.
999 _c47313
_d47313